Disney Groups of Things #1 - Statistics

General Stats
  • This quiz has been taken 628 times
  • The average score is 25 of 49
Answer Stats
Answer % Correct
Seven Dwarfs Grumpy
91%
Seven Dwarfs Doc
90%
Seven Dwarfs Sleepy
90%
Disney Princesses * Cinderella
88%
Seven Dwarfs Happy
86%
Seven Dwarfs Sneezy
86%
Seven Dwarfs Dopey
85%
Disney Princesses * Snow White
84%
Disney Princesses * Aurora
83%
Seven Dwarfs Bashful
81%
Disney Princesses * Ariel
80%
Disney Princesses * Belle
79%
Disney Princesses * Mulan
77%
Disney Princesses * Pocahontas
72%
Disney Princesses * Rapunzel
71%
Disney Princesses * Jasmine
68%
Disney Princesses * Tiana
66%
Darling Children Wendy
66%
Disney Princesses * Moana
64%
High School Musical Main Characters Troy Bolton
60%
Disney Princesses * Merida
59%
High School Musical Main Characters Gabriella Montez
53%
Ugly Stepsisters Anastasia
52%
High School Musical Main Characters Sharpay Evans
50%
Disney+ Categories Disney
48%
Ugly Stepsisters Drizella
48%
Darling Children John
46%
Disney+ Categories Marvel
43%
Parks and Destinations at Walt Disney World Resort** EPCOT
42%
Darling Children Michael
42%
Disney+ Categories Star
40%
Parks and Destinations at Walt Disney World Resort** Animal Kingdom
39%
Disney+ Categories Pixar
39%
High School Musical Main Characters Ryan Evans
39%
Parks and Destinations at Walt Disney World Resort** Magic Kingdom
38%
High School Musical Main Characters Chad Danforth
35%
Twins in the Parent Trap (1998) Annie James
34%
Twins in the Parent Trap (1998) Hallie Parker
33%
Disney+ Categories Star Wars
31%
Parks and Destinations at Walt Disney World Resort** Hollywood Studios
27%
Disney+ Categories National Geographic
25%
High School Musical Main Characters Taylor McKessie
21%
Twins in the Parent Trap (1961) Susan Evers
15%
Twins in the Parent Trap (1961) Sharon McKendrick
13%
Parks and Destinations at Walt Disney World Resort** Blizzard Beach
12%
Parks and Destinations at Walt Disney World Resort** Typhoon Lagoon,
11%
Parks and Destinations at Walt Disney World Resort** Disney Springs
10%
Parks and Destinations at Walt Disney World Resort** ESPN Wide World of Sports Complex
7%
Parks and Destinations at Walt Disney World Resort** Disney's Boardwalk
3%
No matching quizzes found
Score Distribution
Percent of People with Each Score
Percentile by Number Answered
Your Score History
You have not taken this quiz